000 00819nam a22002177a 4500
005 20250327085820.0
008 250327b |||||||| |||| 00| 0 eng d
020 _a978-93-94135-57-4 (hbk)
037 _cTB
040 _aCRL
_cCRL
041 _2hin
_ahin
084 _aV2:51y7L78 152R4
_qCRL
100 _aगिलेश
245 _aरानी चेन्नम्मा
260 _aदिल्ली, भारत:
_bअनिल कुमार एण्ड संस,
_c2024
300 _a96पृ0
365 _b300.00
_cINR
650 _aइतिहास
942 _2CC
_cTB
_hV2:51y7L78 152R4
_n0
999 _c1308223
_d1308223